Modern plant taxonomy (Record no. 77602)
[ view plain ]
| 000 -LEADER | |
|---|---|
| fixed length control field | 00652nam a2200169 a 4500 |
| 008 - FIXED-LENGTH DATA ELEMENTS--GENERAL INFORMATION | |
| fixed length control field | 120416s1995 ||||||||||||||||| || u |
| 020 ## - INTERNATIONAL STANDARD BOOK NUMBER | |
| International Standard Book Number | 0706993470 |
| 050 ## - LIBRARY OF CONGRESS CALL NUMBER | |
| Classification number | QK 95 Sub |
| 100 ## - MAIN ENTRY--PERSONAL NAME | |
| Personal name | Subrahmanyam, N. S |
| 245 10 - TITLE STATEMENT | |
| Title | Modern plant taxonomy |
| 260 ## - PUBLICATION, DISTRIBUTION, ETC. | |
| Place of publication, distribution, etc. | New Delhi |
| Name of publisher, distributor, etc. | Vikas |
| Date of publication, distribution, etc. | 1995 |
| 350 ## - | |
| -- | 0.00 |
| 650 ## - SUBJECT ADDED ENTRY--TOPICAL TERM | |
| Topical term or geographic name entry element | PLANTS |
| 650 ## - SUBJECT ADDED ENTRY--TOPICAL TERM | |
| Topical term or geographic name entry element | PLANT TAXONOMY |
| 995 ## - | |
| -- | BINDERY (DAMAGED) |
| -- | 0.00 |
| -- | 728565 |
| -- | CBU-MAIN LIBRARY (Kitwe) |
| -- | 1 |
| -- | 25.00 |
| -- | QK 95 Sub |
| -- | 2 |
| -- | DAMAGED |
| -- | 020095 |
| -- | Main Library Open Access Collection |
| 995 ## - | |
| -- | BINDERY (DAMAGED) |
| -- | 0.00 |
| -- | 728564 |
| -- | CBU-MAIN LIBRARY (Kitwe) |
| -- | 2 |
| -- | 25.00 |
| -- | QK 95 Sub |
| -- | 1 |
| -- | DAMAGED |
| -- | 020094 |
| -- | Main Library Open Access Collection |
| 999 ## - | |
| -- | 77602 |
| -- | 77602 |
| Withdrawn status | Lost status | Source of classification or shelving scheme | Damaged status | Not for loan | Permanent Location | Current Location | Shelving location | Date acquired | Total Checkouts | Full call number | Barcode | Date last seen | Copy number | Price effective from | Koha item type |
|---|---|---|---|---|---|---|---|---|---|---|---|---|---|---|---|
| CBU-MAIN LIBRARY, KITWE. | CBU-MAIN LIBRARY, KITWE. | 05/03/2023 | QK 95 Sub | 020095 | 05/03/2023 | 1 | 05/03/2023 | MONOGRAPH | |||||||
| CBU-MAIN LIBRARY, KITWE. | CBU-MAIN LIBRARY, KITWE. | 05/03/2023 | QK 95 Sub | 020094 | 05/03/2023 | 2 | 05/03/2023 | MONOGRAPH |